000 00733nam a2200265Ia 4500
003 OSt
005 20220912152748.0
006 a|||||r|||| 00| 0
007 ta
008 220909b |||||||| |||| 00| 0 eng d
024 _a35543
037 _cTextual
040 _aCSL
_beng
_cCSL
041 _aeng
082 _aC295:8p1:N60, K0
100 _aBromley D A Ed.
111 _aINTERNATIONAL CONFERENCE ON NUCLEAR STRUCTURE (Augu--Sep : Kingston Canada)
245 0 _aProceedings on Nuclear structure
260 _c1960
300 _ap.
_ccm.
650 _aParticle physics
700 _a Vogt E W Ed.
942 _hC295:8p1:N60, K0
_cTEXL
_2CC
999 _c91557
_d91557